000 00755nam a2200229 i 4500
001 116813
003 ES-MaACL
005 20240326131459.0
007 t|
008 070301s1979 fr r ||||1| fre d
020 _a2-7084-0036-33
100 1 _aPastoureau, Michel.
_989538
245 1 0 _aTraité d'héraldique /
_cMichel Pastoureau ; preface de Jean Hubert ; sous le patronage de la Bibliothèque de la Sauvegarde de l'Art Français.
260 _aParis :
_bPicard,
_c1979.
300 _a366 p. :
_bil ;
_c27 cm.
490 1 _aGrands manuels Picard
650 0 7 _aHeráldica
_2embne
_9235652
700 1 _aHubert, Jean.
_964500
830 0 _aGrands manuels Picard
_9233327
852 _aES-MaACL
_jL-13235
_bR.115668
999 _c116813
_d116813